Contabilidad de costos (Registro nro. 2049)

Detalles MARC
000 -LEADER
fixed length control field 00731 a2200193 4500
001 - CONTROL NUMBER
control field 30194
005 - DATE AND TIME OF LATEST TRANSACTION
control field 20260407155613.0
008 - FIXED-LENGTH DATA ELEMENTS--GENERAL INFORMATION
fixed length control field 260407a1968 arg spa d
003 - CONTROL NUMBER IDENTIFIER
control field AR-UNSa-BCEJYS
040 ## - CATALOGING SOURCE
Original cataloging agency AR-UNSa-BCEJYS
Language of cataloging spa
Transcribing agency AR-UNSa-BCEJYS
080 ## - UNIVERSAL DECIMAL CLASSIFICATION NUMBER
Universal Decimal Classification number 657.474
Common auxiliary subdivision Tratamiento de los costos<br/>
100 1# - MAIN ENTRY--PERSONAL NAME
Personal name Reyes Perez, Ernesto
245 10 - TITLE STATEMENT
Title Contabilidad de costos
264 #1 - PRODUCTION, PUBLICATION, DISTRIBUTION, MANUFACTURE, AND COPYRIGHT NOTICE
Place of production, publication, distribution, manufacture México :
Name of producer, publisher, distributor, manufacturer Limusa-Wiley
Date of production, publication, distribution, manufacture, or copyright notice 1968
300 ## - PHYSICAL DESCRIPTION
Extent 195 p.
Dimensions 23 cm.
505 ## - FORMATTED CONTENTS NOTE
Formatted contents note 1. Costos predeterminados estimados - 2. Costos predeterminados estándar - 3. Costos de distribución - 4. Presupuestos - 5. Costeo directo - 6. Generalidades - 7. Caso práctico de integración presupuestal
590 ## - LOCAL NOTE (RLIN)
Local note niveau_biblio:m niveau_hierar:0
942 ## - ADDED ENTRY ELEMENTS (KOHA)
Koha item type
Existencias
Withdrawn status Lost status Damaged status Not for loan Home library Current library Shelving location Date acquired Total checkouts Full call number Barcode Date last seen Price effective from Koha item type
        Biblioteca Prof. Eusebio Cleto del Rey Biblioteca Prof. Eusebio Cleto del Rey   07/04/2026   657.474 R456 L21915 07/04/2026 07/04/2026 Libro